| 000 | 00623 a2200181 4500 | ||
|---|---|---|---|
| 001 | 142575 | ||
| 040 | _cLeonardo Da Vinci | ||
| 041 | _aPortuguês | ||
| 082 |
_aAP574 U99b _bU99b |
||
| 100 |
_aUZUNIAN, Armênio _aCALDINI JUNIOR, Nelson |
||
| 245 |
_aBiologia 5 - ensino médio _bcaderno de exercícios, 2ª série |
||
| 250 | _aLE | ||
| 260 |
_bAnglo _c2001 _aSão Paulo |
||
| 300 | _a31 | ||
| 362 | _a20010000 | ||
| 697 |
_aBiologia _aSeres vivos _aBactérias _aVírus _aProtozoários _aFungos _aEucariontes _aCelenterados _aFilo _aPoríferos _aPlatelmintos _aNematelmintos _aAnelídeos _aMoluscos _aArtrópodes _aLE |
||
| 942 | _cBK | ||
| 999 |
_c142575 _d142575 |
||